Digitálna Európa a digitálna budúcnosť

Rešerš informácií týkajúcich sa jednotného digitálneho trhu EÚ a jeho jednotlivých pilierov. Súčasný stav rozvoja digitálneho trhu na Slovensku a predpovedí týkajúcich sa digitálnej budúcnosti so zameraním sa na bližšie predstavenie digitálnych gigantov.

Salvato in:
Dettagli Bibliografici
Autore principale: Danková, Lenka, 1993-
Natura: Capitolo di libro
Lingua:slovacco
Soggetti:
Tags: Aggiungi Tag
Nessun Tag, puoi essere il primo ad aggiungerne!!

MARC

LEADER 00000naa$a2200000$$$4500
001 0250377
005 20240502074019.8
041 0 |a slo 
044 |a SK 
245 1 0 |a Digitálna Európa a digitálna budúcnosť  |c Lenka Danková 
520 |a Rešerš informácií týkajúcich sa jednotného digitálneho trhu EÚ a jeho jednotlivých pilierov. Súčasný stav rozvoja digitálneho trhu na Slovensku a predpovedí týkajúcich sa digitálnej budúcnosti so zameraním sa na bližšie predstavenie digitálnych gigantov. 
610 2 0 |a digitalizácia 
610 2 0 |a podnik medzinárodný 
610 2 0 |a korporácie transnacionálne 
610 2 0 |a technológia 
610 2 0 |a inovácie technologické 
610 2 0 |a obchod elektronický 
610 2 0 |a Európa 
610 2 0 |a Slovensko 
100 1 |a Danková, Lenka, 1993-